Voltron: Legendary Defender Characters - Statistics

General Stats
  • This quiz has been taken 167 times
  • The average score is 16 of 28
Answer Stats
Hint Answer % Correct
Red Paladin Keith Kogane
99%
Black Paladin Takashi Shirogane
99%
Green Paladin Katie 'Pidge' Holt
97%
Blue Paladin Lance McClain
97%
Yellow Paladin Hunk Garrett
96%
Princess of Altea Allura
93%
Advisor of the Altean royal family from 10,000 years ago Coran Hieronymus Wimbleton Smythe
86%
Prince of the Galra Empire Lotor
75%
Original Black Paladin Zarkon
72%
Above's Witch/Wife Honerva/Haggar
64%
Brother of 3 Matt Holt
60%
Original Red Paladin Alfor
57%
Altean from the colony that 2 and 15 rescue Romelle
54%
Blade of Mamora Member/ 2's mother Kroalia
48%
Sister of 4 Veronica McClain
48%
Either of 1's boyfriends Adam W, Curtis
47%
Father of 3 Sam Holt
46%
Any of the above's generals Acxa, Ezor, Zethrid, Narti
45%
Leader of the Blade of Mamora Kolivan
42%
Balmeran used as bait for the paladins Shay
38%
Commander at the Galaxy Garrison Mitch Iverson
37%
Leader of the MFE Fighter Pilots James Griffin
36%
Commander of the Galra empire who attacks Earth Sendak
36%
Mother of 3 Colleen Holt
28%
MFE Fighter Pilot and ametuer videographer Ryan Kinkade
21%
Above's brother Rax
16%
Final MFE Fighter Pilot Nadia Rizavi
14%
MFE Fighter Pilot and strategist Ina Leifsdottir
12%
No matching quizzes found
Score Distribution
Percent of People with Each Score
Percentile by Number Answered
Your Score History
You have not taken this quiz